Loading...
Fine Arts - Classical Music | 7 | 25.71 | 100% | 86% | 71% |
Fine Arts - Other Fine Arts | 8 | 23.75 | 100% | 100% | 38% |
Fine Arts - Painting & Sculpture | 5 | 26.00 | 100% | 100% | 60% |
History - American History | 5 | 26.00 | 100% | 100% | 60% |
History - European History | 7 | 22.86 | 100% | 71% | 57% |
History - Other History | 6 | 16.67 | 100% | 50% | 17% |
History - World History | 9 | 21.11 | 100% | 67% | 44% |
Literature - American Literature | 5 | 24.00 | 100% | 100% | 40% |
Literature - British Literature | 7 | 24.29 | 100% | 71% | 71% |
Literature - European Literature | 8 | 27.50 | 100% | 100% | 75% |
Literature - World Literature | 7 | 22.86 | 100% | 100% | 29% |
Mythology | 6 | 16.67 | 100% | 67% | 0% |
Other | 6 | 18.33 | 100% | 50% | 33% |
Philosophy | 7 | 27.14 | 100% | 100% | 71% |
Religion | 8 | 18.75 | 88% | 75% | 25% |
Science - Biology | 8 | 18.75 | 100% | 75% | 13% |
Science - Chemistry | 4 | 12.50 | 100% | 25% | 0% |
Science - Other Science | 8 | 23.75 | 100% | 75% | 63% |
Science - Physics | 6 | 20.00 | 100% | 83% | 17% |
Social Science | 6 | 15.00 | 100% | 33% | 17% |